[Event "Moscow Tal Memorial 8th"]
[Site "Moscow"]
[Date "2013.06.13"]
[Round "1"]
[White "Carlsen, Magnus"]
[Black "Kramnik, Vladimir"]
[Result "1-0"]
[WhiteElo "2864"]
[BlackElo "2803"]
[Annotator "Sumets,Andrey"]
[PlyCount "143"]
[EventDate "2013.06.13"]
[EventType "tourn"]
[EventRounds "9"]
[EventCountry "RUS"]
[EventCategory "22"]
[SourceTitle "CBM 155"]
[Source "ChessBase"]
[SourceDate "2013.07.16"]
[SourceVersion "1"]
[SourceVersionDate "2013.07.16"]
[SourceQuality "1"]

1. d4 Nf6 2. Bg5 d5 3. e3 c5 4. Bxf6 gxf6 5. dxc5 {White may opt for other possibilities.} (5. Bb5+ Bd7 6. Bxd7+ Qxd7 7. Qf3 (7. Nf3 Nc6 8. Nc3 cxd4 9. exd4 $6 (9. Nxd4 f5 10. O-O e6 11. Qh5 Bg7 12. Rad1 O-O $11) 9... O-O-O 10. Ne2 e5 11. O-O h5 12. Nh4 Rg8 $15 {Maslak,K-Bukavshin,I Ch-RUS Higher League Irkutsk 2010 0-1 (56)}) 7... cxd4 8. exd4 Nc6 9. Ne2 f5 10. O-O e6 11. Rd1 O-O-O 12. b3 Rg8 13. c4 dxc4 14. Nbc3 Bg7 (14... cxb3 $6 15. axb3 a6 16. d5 Ne5 17. Qe3 $44) 15. bxc4 Bxd4 16. Rab1 Ne5 17. Qh3 Qc6 $15 {Morozevich,A-Ponomariov,R Macedonia Palace GP Thessaloniki GRE 2013 1/2-1/2 (55)}) (5. c3 Nc6 (5... Qb6 $5 6. Qc2 Nc6 7. Nf3 cxd4 8. exd4 (8. Nxd4 e5 9. Nxc6 bxc6 10. Nd2 Rb8 11. b3 Bd6 12. Be2 O-O $15) 8... e5 9. Be2 e4 10. Nh4 f5 11. g3 f4 12. gxf4 Bh3 13. Rg1 Qd8 $17 {0-1 Alarcon Casellas,R-Peralta,F/Barbera del Valles ESP 2012 (36)}) 6. Nd2 e5 7. Ngf3 Be6 (7... e4 $5 8. Ng1 Qb6) 8. Bb5 Bd6 9. O-O Qc7 (9... e4 10. dxc5 exf3 11. cxd6 fxg2 12. Kxg2 Qxd6 13. Ne4 Qe7 14. Ng3 Rg8 $13) 10. dxe5 fxe5 11. e4 O-O-O 12. exd5 Bxd5 13. Qc2 Ne7 14. Bc4 Bxc4 15. Nxc4 Rhg8 16. Rfe1 (16. Rad1 $5) 16... f6 17. Qxh7 Ng6 18. Qxc7+ Bxc7 19. Rad1 $16 {Chernyshov,K-Movsesian,S Pardubice Rapid 2009 1-0 (57)}) (5. Nc3 Nc6 (5... e6 6. Qh5 Nc6 7. O-O-O cxd4 8. exd4 Bb4 9. Nge2 Bd7 10. Rd3 Qb6 11. g3 Na5 12. Bh3 f5 13. g4 (13. Bxf5 $1 exf5 $2 (13... Nc4 14. b3 O-O-O 15. Bh3 Nd6 $44) 14. Nxd5 Qc6 15. Nef4) 13... Nc4 14. b3 Ba3+ 15. Kb1 fxg4 16. Bxg4 O-O-O 17. Nd1 Nd6 $17 {Duong The Anh-Erdos,V Harkany 2008 0-1 (44)}) 6. Bb5 e6 7. Nf3 Bd7 8. O-O a6 9. Bxc6 Bxc6 10. dxc5 e5 11. Qe2 Qd7 12. b4 (12. Rfd1 $5 O-O-O 13. e4 d4 14. b4 Rg8 15. Nd5 Bxd5 16. exd5 Qxd5 17. Rab1 $13) 12... O-O-O 13. Rfd1 Rg8 14. g3 Qg4 15. e4 dxe4 16. Rxd8+ Kxd8 17. Rd1+ Kc8 18. Nd2 Qxe2 19. Nxe2 b6 $15 {Zhang Pengxiang-Naiditsch,A EU-Cup 22nd Fuegen 2006 1/2-1/2 (52)}) (5. c4 dxc4 6. Bxc4 cxd4 7. exd4 Bg7 8. Nc3 O-O 9. Nge2 Nc6 10. O-O f5 11. d5 Ne5 12. Bb3 Qd6 13. h3 Bd7 14. Ba4 Nc4 15. Bxd7 Qxd7 16. b3 Nb6 17. Qd3 Rac8 18. Rad1 Rc5 19. Qf3 Rfc8 20. Rd3 Kh8 {1/2-1/2 Miladinovic,I-Georgiev,K Bar 2008}) 5... e6 6. Nf3 (6. c4 dxc4 7. Qxd8+ Kxd8 8. Bxc4 Bxc5 9. Nc3 Ke7 10. a3 a6 11. Nf3 Nc6 {1/2-1/2 Miladinovic,I-Popovic,D/Vrnjacka Banja SRB 2012}) 6... Nd7 $146 {Black's plan is to regain the pawn with ...xc5 and put his bishop on the a1-h8 diagonal (...g7 and ...f5).} 7. c4 {It seems to me that this is the only way to fight for an advantage.} dxc4 8. c6 $1 (8. Bxc4 Nxc5 9. Nc3 Bg7 10. O-O O-O 11. Qe2 f5 {Black might have the better position.}) 8... Nb6 (8... Ne5 $5 9. Qxd8+ Kxd8 10. Nxe5 fxe5 11. Bxc4 (11. cxb7 Bxb7) 11... bxc6 12. Nd2 Rb8 13. b3 Bb4 {Black's bishops compensate for the damaged pawn structure. I think that the position is equal.}) 9. Nbd2 {White needs to keep queens on the board. Otherwise he could find himself in a worse position.} (9. Qxd8+ Kxd8 10. Nbd2 (10. cxb7 $6 Bxb7 11. Nbd2 Rg8 12. O-O-O Ke7 $17) 10... c3 11. bxc3 bxc6 12. Be2 Kc7 13. O-O Rg8 {Black has better chances.}) 9... c3 10. bxc3 bxc6 11. Qc2 Bg7 12. Bd3 f5 (12... h6 {Who except a computer engine wants to make such moves if he has another choice?} 13. O-O O-O 14. Rfd1 Qc7 15. e4 Rd8 16. a4 $14) 13. e4 Qf6 (13... fxe4 $1 {I think it was the best move and Black even had some chances to seize the initiative.} 14. Bxe4 (14. Nxe4 Nd5 15. O-O O-O 16. Rab1 f5 17. Ng3 Qd6 (17... Bxc3 18. Ne2 Bf6 19. Qxc6 Bd7 20. Qd6 Bc8 21. Qc6 Bd7 $11) 18. Ne2) 14... Nd5 15. O-O f5 $1 {It is not easy to make a move like ...f5 before castling short but I believe that only Black could fight for an advantage after 15...f5} 16. Bxd5 (16. Bd3 O-O 17. Rfe1 Bxc3 18. Rab1 Qc7 19. Rb3 Bg7 20. Nc4 Rb8) 16... cxd5 {I don't see how White should play} 17. Rac1 (17. Rfe1 O-O 18. Nb3 Qc7 19. Rac1 e5 {White's strategy failed}) 17... O-O 18. c4 $6 e5 19. cxd5 e4 20. Ne1 Ba6 $19) 14. Rc1 {White should keep the tension in the centre.} (14. e5 $6 Qe7) (14. exf5 exf5 15. O-O O-O 16. Rac1 c5 17. Rfe1 Bd7 $11) 14... O-O 15. O-O c5 16. Rfe1 $146 {Magnus Carlsen didn't want to take the c4-pawn so he prepares the f1-square for his bishop.} (16. a4 c4 {now White must capture on c4} 17. Nxc4 (17. Bxc4 $2 Nxc4 18. Nxc4 Ba6 19. Qa2 Rac8 $17) 17... Nxc4 18. Bxc4 Bb7 19. Bd3 Rac8 20. c4 Rfd8 $44 {Black has some compensation for the pawn.}) ({RR} 16. a4 Bb7 17. Rfe1 c4 18. Bf1 fxe4 19. Nxe4 Qg6 20. a5 Na4 21. Re3 Bxe4 22. Rxe4 Nxc3 23. Rxc4 Qxc2 24. Rxc2 Rfc8 25. Rxc8+ Rxc8 26. g3 Rc5 27. a6 Ne4 28. Rxc5 Nxc5 {½-½ (28) Rasulov,V (2504)-Abasov,N (2587) Mersin 2017}) 16... Rd8 17. a4 (17. exf5 $5 exf5 18. Nc4 $1 (18. Nf1 $6 c4 (18... Nd5 $5 19. Ng3 Nf4 20. Bf1 Be6) 19. Be2 f4 20. Nd4 Bb7 21. Nd2 Qg6 22. Bf3 Bxf3 23. N2xf3 Qxc2 24. Rxc2 Nd5 $11) 18... Be6 19. Ne3 f4 20. Bxh7+ Kh8 21. Nf1 Nd5 22. Be4 Rab8 23. Bxd5 Bxd5 24. N1d2 {Black has the two bishops and some compensation for the sacrificed pawn but the position should be assessed in White's favour.}) 17... c4 ({At the press conference M. Carlsen suggested} 17... Nxa4 18. e5 (18. exf5 $5 exf5 19. Qxa4 Rxd3 20. Ne4 $1 Qe7 21. Neg5 Be6 22. Nxe6 fxe6 23. Qc4 Rd6 24. h4 h6 25. Qxc5 $14) 18... Qe7 19. Bxf5 exf5 20. Qxa4 Bb7 21. Qf4 Qe6 $13) 18. Bf1 fxe4 19. Nxe4 Qf5 $6 (19... Qg6 20. a5 Nd5 21. Bxc4 Nf4 22. g3 Bb7 23. a6 Bc6 {(Carlsen)}) 20. Nd4 Bxd4 21. cxd4 Bb7 (21... Rxd4 $2 {To take this pawn means to lose immediately.} 22. Rcd1 e5 (22... Rxd1 23. Qxd1 Nd5 (23... Ba6 24. Re3 Nd5 25. Rg3+ Kf8 26. Qd4 $18) 24. Bxc4 Bb7 25. Qd4 e5 26. Qc5 Rc8 27. Qxa7 Rxc4 28. Nd6 $18) 23. a5 Nd7 24. Rxd4 exd4 25. Qxc4 Qe5 26. f4 $18) 22. Nc5 $8 Qxc2 23. Rxc2 Bc6 $1 {Black found an amazing opportunity. However it is not easy to see how White wins after the simple ...d5.} (23... Bd5 24. a5 Nc8 25. Bxc4 Ne7 26. g4 $1 (26. h3 Nf5 $1 27. Bxd5 Rxd5 28. Re5 Nxd4 29. Rxd5 exd5 30. Rd2 Rc8 31. Nd7 Rc4 32. Nf6+ Kg7 33. Nxd5 Nb3 $11) 26... Bxc4 27. Rxc4 Rac8 28. Rec1 h5 $1 29. h3 hxg4 30. hxg4 Kg7 {White is a pawn up but Black has good chances to make a draw.}) 24. a5 Rxd4 25. axb6 axb6 {White' knight is trapped.} 26. Nxe6 $1 {The only way to avoid a draw.} (26. Nb3 cxb3 27. Rxc6 b2 28. Rb1 Ra1 29. Rxb2 Rdd1 30. g3 $11) (26. Nd3 Ba4 27. Nb4 Bxc2 28. Nxc2 Rd2 $17 {(Carlsen)}) 26... fxe6 27. Bxc4 Bd7 28. h3 Kf7 29. Bb3 $14 {It is obvious that White has an advantage in the endgame. It is obvious as well that Black could make a draw if he plays precisely. The material is very reduced.} Ke7 (29... b5 30. Rce2 Ra6 {Probably this was the best setup for Black.} 31. Re5 (31. Rc1 Ke7 32. Re3 b4) 31... Rd3 32. Bc2 Rd2 33. Bxh7 Raa2 34. Rf1 b4 $44) 30. Rce2 Rd6 31. Re4 Ra3 32. R1e3 h5 (32... Rd2 33. Rh4 Ra1+ 34. Kh2 Rxf2 35. Rxh7+ Rf7 36. Rh8 {All the white pieces are very active but I believe that Black would find the way to draw.}) 33. Rh4 Be8 34. Kh2 Bg6 35. Rb4 Kf6 36. Kg3 e5 37. Kh4 Rd4+ (37... Ra1 $6 38. f4 exf4 39. Rxf4+ Kg7 40. Re7+ Kh6 41. Rf8 Bd3 42. Rh8+ Kg6 43. Rxh5 $16) (37... Ra5 {Black could wait. It is difficult to find a reasonable plan for White.} 38. g4 hxg4 39. hxg4 e4 40. f4 exf3 41. Rf4+ Kg7 42. Re7+ Kh6 43. Rf8 {(Carlsen)} Bd3 $8 44. Rxf3 Rc5 45. Rf8 Kg6 46. Ref7 Bc4 47. Bc2+ Bd3 48. Bxd3+ Rxd3 $11) 38. Rxd4 exd4 39. Re6+ Kg7 40. Rxb6 d3 41. Bd1 (41. Kg5 Be4 $5 (41... Ra5+ 42. Kf4 Rf5+ 43. Ke3 Re5+ 44. Kd4 Re2 $11 {(Carlsen)}) 42. Bd1 (42. f3 $4 Rxb3 43. Rxb3 d2 $19) 42... Bxg2 43. Kxh5 Bxh3 $11) 41... Ra2 $1 42. Kg3 {The only chance to continue the game.} (42. Kg5 Be4 43. Kxh5 Rxf2 44. g4 Rd2 45. Ba4 Ra2 46. Rb4 Bf3 47. Rf4 Rxa4 48. Rxa4 d2 49. Rd4 d1=Q 50. Rxd1 Bxd1 $11) (42. Bxh5 Bxh5 43. Kxh5 Rxf2 44. g4 (44. Rb7+ Kf6 45. g4 Ke6 46. g5 d2 47. Rb1 Rf8 48. g6 Rd8 49. Rd1 Kf6 $11) 44... Rf6 45. Rb1 Rd6 46. Rd1 d2 $11) 42... h4+ $6 (42... Ra1 43. Bf3 Ra4 44. h4 (44. Rd6 h4+ 45. Kh2 Ra2 (45... Rb4 46. g4 hxg3+ 47. Kxg3 Ra4) 46. Rd4 Rxf2 47. Rxh4 d2 48. Rd4 Bc2 49. Bg4 $18 {(Carlsen)} (49. Kg3 $2 Rxf3+ $11)) 44... Rc4 {White's advantage is probably insufficient for a win after all.} 45. Rc6 Rb4 46. Bd1 Rb1 47. Ba4 Rb4 48. Bd1 ({If White wants to continue the game so much he could show us how to make a draw without the bishop.} 48. Ra6 $2 d2 49. Bd1 Rb1 50. Bf3 d1=Q 51. Bxd1 Rxd1) 48... Rb1 $11) 43. Kxh4 Rxf2 44. Kg3 Rf6 $4 {Such a move can only be explained by Vladimir Kramnik's fatigue. Perhaps he confused something and thought that the position is drawish.} 45. Rxf6 Kxf6 46. Kf4 $18 d2 47. Ke3 Ke5 48. g3 $1 (48. Kxd2 $4 Kf4 49. g4 (49. Ke1 Kg3 50. Kf1 Be4 $11) 49... Be4 50. h4 Bf5 51. g5 Kg3 52. Ke3 Kxh4 53. Kf4 Be4 $11) 48... Bf5 49. h4 Be6 50. Kxd2 Ke4 51. Ke2 Bg4+ 52. Ke1 Be6 53. Kf2 Ke5 54. Ke3 Bd7 55. Bc2 Bg4 56. Bg6 Bd7 57. h5 Kf6 (57... Bc8 58. Be4 Bd7 59. h6 Kf6 60. Kf4 Bc8 61. g4 Bxg4 62. Kxg4 Kf7 63. Bh7 $1 {The only move. Black's king doesn't get into the corner.} Kf6 64. Kh5 Kf7 65. Kg5 Kf8 66. Kg6) 58. Kf4 Be6 59. Be4 ({Of course Carlsen doesn't play} 59. g4 $4 Bxg4 60. Kxg4 Kg7 61. Kg5 Kh8 $11) 59... Kg7 60. Kg5 Bd7 61. h6+ Kh8 62. Kf4 Be6 63. Bf5 Bf7 64. g4 Bh5 65. g5 Kg8 66. Be6+ Kh7 67. Kf5 Bg6+ 68. Kf6 Kh8 69. Bd7 Bh5 70. Bc6 Kh7 71. Bd5 Bg6 72. Bg8+ 1-0

[Event "Moscow Tal Memorial 8th"]
[Site "Moscow"]
[Date "2013.06.19"]
[Round "6"]
[White "Gelfand, Boris"]
[Black "Carlsen, Magnus"]
[Result "1/2-1/2"]
[WhiteElo "2755"]
[BlackElo "2864"]
[PlyCount "110"]
[EventDate "2013.06.13"]
[EventType "tourn"]
[EventRounds "9"]
[EventCountry "RUS"]
[EventCategory "22"]
[SourceTitle "CBM 155"]
[Source "ChessBase"]
[SourceDate "2013.07.16"]
[SourceVersion "1"]
[SourceVersionDate "2013.07.16"]
[SourceQuality "1"]

1. d4 {Ftacnik,Lubomir} Nf6 2. c4 e6 3. Nf3 d5 4. Nc3 Nbd7 5. Bf4 dxc4 6. e3 ({RR} 6. e4 Bb4 7. Qc2 ({RR} 7. e5 Nd5 8. Bd2 Bxc3 9. bxc3 b5) ({RR} 7. Bxc4 Nxe4 8. O-O Nxc3 9. bxc3 Bd6 10. Bg5 Be7 11. Bd2 O-O 12. Qe2 c5 13. Rfd1 cxd4 14. cxd4 Nf6 15. Ne5 Nd5 16. Qh5 Bd7 17. Rdb1 Bc6) 7... b5 ({RR} 7... Nb6 8. Be2 ({RR} 8. Bxc4 Bxc3+ 9. bxc3 Nxc4 10. Qa4+ c6 11. Qxc4 Nxe4)) 8. e5 ({RR} 8. a4 Bb7 9. e5 Bxf3) ({RR} 8. Nd2 c6 9. a3 Ba5 10. Bd6 Bc7 11. Bxc7 Qxc7 12. b3 e5 13. d5 cxd5 14. Nxb5 Qc6 15. a4 a6 16. exd5 Nxd5 17. Qxc4 Bb7 18. Qxc6 Bxc6 19. Nd6+ Ke7 20. Nf5+ Kf6 21. Rc1 Nb4) 8... Nd5 9. Bg5 f6 10. exf6 N7xf6 ({RR} 10... gxf6 11. Bh6 Bb7 12. Be2 ({RR} 12. Bg7 Rg8 13. Qxh7 Rxg7 14. Qxg7 Nxc3) 12... Qe7 13. O-O Bxc3 14. bxc3) 11. a4 Bb7 12. Be2 ({RR} 12. axb5 Nxc3 13. bxc3 Bxf3 14. gxf3 Qxd4) 12... a6 13. O-O c6 14. Ne5 O-O 15. Bg4 Qd6 16. Bh3 Bxc3 17. bxc3 c5 18. axb5 axb5 19. Nf3 Rxa1 20. Rxa1 Nf4 ({RR} 20... cxd4 21. Nxd4)) 6... a6 ({RR} 6... Nd5 7. Bxc4 Nxf4 ({RR} 7... Bb4 8. O-O Nxf4 9. exf4 Bxc3 10. bxc3 O-O 11. Qc2 Nf6 12. Ne5 b6 13. Rfe1 g6 14. Re3 Bb7 15. Rae1 Kg7 16. Rh3 c5 17. Qd2 Bd5 18. Ba6 Qc7 19. c4 Bb7 20. Bxb7 Qxb7 21. dxc5 bxc5 22. Rb3) 8. exf4 Bd6 ({RR} 8... Nb6 9. Bb3 Bd6 10. g3 Bd7 11. O-O ({RR} 11. Qd3 Bc6 12. O-O-O Bxf3 ({RR} 12... O-O 13. Ng5 g6 14. d5) 13. Qxf3 c6 14. Kb1 ({RR} 14. f5 Qg5+) 14... g6 ({RR} 14... O-O 15. f5 exf5 16. Qxf5) 15. f5 exf5 16. Rhe1+ Kf8 17. g4) 11... O-O 12. Qd3 Bc6 13. Rad1 Qf6 14. Ng5 g6 15. Nge4 Qf5 ({RR} 15... Bxe4 16. Nxe4 Qe7 17. Rfe1 ({RR} 17. d5 e5 18. f5 ({RR} 18. Rfe1 exf4 19. Qc3 Nd7 20. Nxd6 Qxd6 21. Re6 Qc5) 18... Nd7) 17... c6 18. h4 a5 19. a3 a4 20. Ba2 Nd5 21. h5) 16. d5 exd5 17. Nxd5 Nxd5 18. Bxd5 Bxd5 19. Qxd5 Qxd5 20. Rxd5) 9. Qd2 ({RR} 9. g3 O-O 10. O-O Nf6 11. Qe2 b6 12. Rfd1 Bb7 13. Rac1 Qe7 14. a3 Rfd8 15. Ne5 c5 16. Nb5 cxd4 17. Nxd4 Bxe5 18. Qxe5 Qd6 19. Bb3 Qxe5 20. fxe5) ({RR} 9. Ne5 O-O 10. O-O Nb6 11. Bb3 Bd7 12. Qg4 Bxe5 13. dxe5 Bc6 14. f5 exf5 15. Qxf5 Qe7 16. Rfe1 Rad8 17. Rad1 g6 18. Qf4 Kg7)) ({RR} 6... Nb6 7. Bxc4 Nxc4 ({RR} 7... Nfd5 8. O-O Nxf4 9. exf4 Bd6 10. Ne5 Bxe5 11. fxe5 Bd7 12. Bb3 Bc6 13. Qg4 g6 14. Rfd1 Qe7 15. Rac1 h5 16. Qh3 Rd8 17. Qe3 Bd5 18. Nb5 Rd7 19. Qc3 O-O) 8. Qa4+ Bd7 ({RR} 8... c6 9. Qxc4 Nd5 10. Be5 f6 11. Bg3 Qb6 12. O-O Qxb2 13. Ne4 Nb6 14. Qd3 Qb5 15. Qc2 Qa4 16. Qd3 Qb5 17. Qc2 Qa4 18. Qd3 Qb5) 9. Qxc4 Bd6 10. Bg5 ({RR} 10. O-O Bc6 11. Ne5 Bxe5 12. Bxe5 Nd7 ({RR} 12... O-O 13. Bxf6 ({RR} 13. Rac1 a6 14. Rfd1 Nd5 15. Nxd5 exd5 16. Qe2 f6 17. Bg3 Re8 18. Rc3 Re7 19. Rdc1 Qe8) 13... Qxf6 14. e4 Rac8) 13. Bg3 Nb6 ({RR} 13... O-O 14. e4 Nb6 15. Qc5) 14. Qc5 Nd7 15. Qa5 b6 16. Qa3) ({RR} 10. Bxd6 cxd6 11. d5 e5 12. Qb4 Qb6 13. Qxb6 axb6 14. Ke2 Ke7 15. Nd2 Rhc8 16. Rhc1 Rc5 17. e4 g6 18. f3 Nh5 19. Ke3 f5) ({RR} 10. Bg3 Bc6 11. O-O Bxf3 12. gxf3 O-O 13. Nb5 Qd7 14. Rfc1 Rfc8)) ({RR} 6... b5 7. Nxb5 Nd5 8. Bxc4 ({RR} 8. Bg3 Bb4+ 9. Nd2 N7b6 10. Qc2 O-O 11. Be2 Ba6 12. Nc3 c5 13. dxc5 Bxc5 14. a3 Rc8 15. Nde4 Be7 16. Be5 f5 17. Nd2 Bf6 18. Bxf6 Qxf6 19. Rc1 Nxc3 20. Qxc3 Qxc3 21. Rxc3) 8... Bb4+ 9. Kf1 Nxf4 10. exf4 O-O 11. g3 a6 12. Nc3 Bb7 13. Be2 Qe7 14. Kg2 c5 15. a3 Bxc3 16. bxc3 cxd4 17. cxd4 Nf6 18. Re1 Rfc8 19. Kg1 Ne4) 7. a4 ({RR} 7. Bxc4 b5 8. Be2 ({RR} 8. Bb3) 8... Bb7 9. O-O c5 10. a4 b4 11. Nb1 Rc8 12. Nbd2 cxd4 13. exd4 Nb6 14. a5 Nbd5 15. Bg3 Bd6) 7... Bd6 ({RR} 7... Nb6 8. a5 Nbd5 9. Bxc4 Nxf4 10. exf4 Be7 ({RR} 10... Bd6 11. Ne5 O-O 12. O-O Nd7 13. Qf3 Qe7 14. Rfe1 Nxe5 15. fxe5 Bb4 16. Re3 Bxc3 17. bxc3) 11. O-O O-O 12. Ne5 Qd6 ({RR} 12... c6 13. f5 exf5 14. Qb3 Qxd4 ({RR} 14... Qe8 15. Rfe1) 15. Nxf7 Qh4 16. g3 Qh5 17. Rae1) 13. Re1 c6 ({RR} 13... g6 14. Re3 Rd8 15. Rd3 c6 16. Qf3) 14. f5 exf5 ({RR} 14... Nd5 15. Qb3 Qb4 16. Qc2 Re8 17. Ne4) 15. Nxf7 ({RR} 15. Qb3 Be6 16. Qxb7 Ng4 17. Bxe6 fxe6 18. Qxc6 Nxe5 19. Qxd6 Bxd6 20. dxe5 Bb4) 15... Rxf7 16. Qb3 Nd5 17. Nxd5 cxd5 18. Bxd5 Qf6 19. Rac1 Bd7 20. Rc7 ({RR} 20. Bxf7+ Qxf7 21. Qxb7 Rd8 22. Qxa6) 20... Rd8 21. Rxb7 Kf8 22. Rb6) ({RR} 7... c5 8. Bxc4 cxd4 9. exd4 Nb6 10. Bb3 Nbd5 11. Be5 Be7 ({RR} 11... Bb4 12. Qd3) 12. Nxd5 Nxd5 13. Bxg7 Rg8 14. Be5 Rxg2 15. Bg3) 8. Bxd6 ({RR} 8. Bg3 b6 ({RR} 8... Bxg3 9. hxg3 c5 10. Bxc4 Nb6 11. Bb3 cxd4 12. exd4 Bd7 ({RR} 12... Qd6 13. a5 Nbd5 14. Ne5 Bd7 15. Bxd5 Nxd5 16. Qh5 g6 17. Qf3 Qe7 18. Nxd5 exd5 19. O-O) 13. a5 Nbd5 14. Bxd5 ({RR} 14. Ne5 Bc6 15. g4 Nxc3 16. bxc3 Bxg2 17. Rh2 Bc6) 14... Nxd5 15. Nxd5 exd5 16. Qe2+ Be6 ({RR} 16... Qe7 17. Rh5 Qxe2+ 18. Kxe2 Be6 19. Kd2)) 9. Bxc4 Bb7 10. Bh4 ({RR} 10. O-O Bxg3 11. hxg3 c5 12. d5 exd5 13. Nxd5 O-O 14. Nf4 Qe7 15. Qc2 Ne5 16. Nxe5 Qxe5 17. Rfd1 Bc6 18. Qe2 g5 19. Nd3 Qe4 20. Ne1) 10... O-O 11. O-O Qb8 12. d5 exd5 13. Nxd5 Nxd5 14. Bxd5 Ne5 15. Rc1 Bxd5 16. Qxd5 c6 17. Qe4 Nxf3+ 18. Qxf3 Bxh2+ 19. Kh1 Be5 20. Rxc6 b5 21. axb5 Qxb5) ({RR} 8. Bg5 h6 9. Bh4 c5 ({RR} 9... b6 10. Bxc4 ({RR} 10. e4 Be7 11. Bxc4 Bb7 12. e5 Ne4 13. Nxe4 Bxe4 14. Bxe7 Qxe7 15. O-O O-O 16. Re1 Bb7 17. Bd3 Rfd8 18. Be4 Bxe4 19. Rxe4 c5 20. Qe2 cxd4 21. Rxd4) 10... Bb7 11. O-O Qe7 12. d5 e5 13. Qe2 g5 14. Bg3 Nf8 15. Nd2 Ng6 16. f3 h5 17. Nde4 Nxe4 18. fxe4 Bc8 19. Be1 g4 20. Qd3 Qg5) 10. Bxc4 O-O 11. O-O cxd4 12. exd4 Qc7 13. Bb3 b6 14. Rc1 Qb8 ({RR} 14... Bf4 15. Rc2 Qd6 ({RR} 15... Qb8 16. d5) 16. Ne2 ({RR} 16. d5 Nc5 17. Bxf6 Nxb3 18. Bh4 Bb7 19. g3 exd5 20. gxf4 d4) 16... Bb7 17. Nxf4 Qxf4 18. Bg3 Qf5 19. Rc7 Be4) 15. d5 e5 16. Nd2 e4 ({RR} 16... Bb7 17. Nde4 Nxe4 18. Nxe4 Kh8 ({RR} 18... Nc5 19. Rxc5 bxc5 20. Nf6+ Kh8 21. Qd3 e4 ({RR} 21... g6 22. Qe3 Kg7 23. Ng4) 22. Qxe4 g6 23. Bg3) 19. Rc6 Bxc6 20. dxc6 Nc5 21. Nxd6 Nxb3 22. Be7 Nd4 23. f4 Qc7 24. Bxf8 Rxf8 25. fxe5 Nxc6) 17. Ncxe4 Nxe4 18. Nxe4 Bxh2+ 19. Kh1 Qf4 20. Be7 Qxe4 21. Re1 Qf4 22. Rc4 Qxf2) 8... cxd6 9. Bxc4 O-O ({RR} 9... Qa5 10. O-O O-O 11. Qd2 b6 12. Rab1 Qb4 13. Be2 Bb7 14. Ne1 Qa5) 10. O-O d5 11. Bd3 b6 12. Qb3 Qe7 ({RR} 12... Bb7 13. Qb4 Rc8 14. Rfc1 h6 15. Rc2 Rc6 16. Rac1 Qb8 17. Na2 Rxc2 18. Rxc2 Rc8 19. Qb3 Rxc2 20. Qxc2 Qc8 21. Qxc8+ Bxc8 22. Nb4 Nb8) 13. Rfc1 Bb7 14. Rc2 Rfc8 15. Rac1 Qd6 16. Na2 $146 ({RR} 16. Ne5 Nxe5 ({RR} 16... Rc7 17. Nxd7 ({RR} 17. f4 Rac8) 17... Rxd7 ({RR} 17... Nxd7 18. Bxh7+ Kxh7 19. Nb5 axb5 20. Rxc7 Nc5 21. R7xc5 bxc5 22. dxc5 Qb8 23. axb5) 18. Na2) 17. dxe5 Qxe5 18. Qxb6 Rcb8 ({RR} 18... Ng4 19. Qxb7 Qxh2+ 20. Kf1 Qh1+ 21. Ke2 Qxg2 22. Nd1) ({RR} 18... Rab8 19. Ne4 ({RR} 19. f4 Qh5 ({RR} 19... Nd7 20. Qd4 ({RR} 20. Qa7 Qd6 21. Qd4 f6) 20... Qf6 21. b4 e5 22. fxe5 Qe6 23. Qf4 g6 24. b5 Nxe5) 20. h3) 19... Rxc2 20. Nxf6+ gxf6 21. Rxc2 d4 22. Qxd4 Qxd4 23. exd4 Rd8 24. Rc7 Rxd4 25. Rxb7 Rxd3 26. g3) ({RR} 18... Qb8 19. Nxd5 Rxc2 20. Nxf6+ gxf6 21. Rxc2) 19. Ne2 Nd7 ({RR} 19... Ng4 20. Qxb7 Qxh2+ 21. Kf1 Qh1+ 22. Ng1 g6 23. Qc7 Nh2+ 24. Ke2 Qxg2 25. Qg3) ({RR} 19... d4 20. Qxd4 Qg5 21. Ng3 Rd8 22. Qb4 Rab8 ({RR} 22... Bxg2 23. Kxg2 Rxd3 24. Rc5 Qg4 25. Rc8+ Rd8 26. Qb7 Raxc8 27. Rxc8 Rf8 28. Qxa6) 23. Be2 Nd5 24. Qa5 f5 25. Rd2) ({RR} 19... Ne8 20. b4 Bc8 21. Qd8 Bb7 22. Qe7 Qd6 23. Qxd6 Nxd6 24. Nd4) 20. Qd4 ({RR} 20. Qb4 Bc8 21. Qa3 Nf8 22. Nd4) 20... Qd6 ({RR} 20... Qxd4 21. Nxd4 Rc8 22. Rc7 Rab8 23. Nf3 Nb6 24. a5 Na8 25. R7c3 Rxc3 26. Rxc3 Rc8 27. Rb3 Rc7 28. Nd4 h6 29. f4) 21. f4 ({RR} 21. Rc7 e5 22. Qh4 e4 23. Bb1 Nf6 24. Qg3 Qb4 25. Qe5 a5) 21... e5 ({RR} 21... Rc8 22. b4 Rxc2 23. Rxc2 g6) ({RR} 21... f6 22. Rc7 g6 ({RR} 22... e5 23. fxe5 Nxe5 24. Ng3 Bc8 25. Be4 Be6 26. Nf5 Bxf5 27. Bxd5+ Kh8 28. Bxa8) 23. a5 e5 24. Qa4) 22. fxe5 Nxe5 23. Qf4 Qe7 ({RR} 23... Rc8 24. Qf5 g6 ({RR} 24... Nxd3 25. Rxc8+ Rxc8 26. Rxc8+ Bxc8 27. Qxc8+ Qf8 28. Qxa6 Nxb2 29. Qb5 Nc4 30. Qxd5 Qc8 ({RR} 30... Nxe3 31. Qe4 Nd1 32. Qd4) 31. Kf2) 25. Rxc8+ Bxc8 26. Rxc8+ Kg7 27. Ng3 Rxc8 28. Qxc8 Nxd3 29. Qc3+ Ne5 30. Qd4 f6 31. e4 Kf7 32. exd5 Nc6) 24. Rc7 Qe8 ({RR} 24... Nxd3 25. Rxe7 Nxf4 26. Nxf4) ({RR} 24... Qe6 25. Bf5 Qf6 26. Nd4 h6 ({RR} 26... g6 27. Be6) 27. b3) 25. Bf5 Nc4 ({RR} 25... g6 26. Nd4 gxf5 27. Nxf5 Rc8 28. Qg5+ Ng6 29. Qf6 Qf8 30. Rxf7 Rxc1+ 31. Kf2 Rc2+ 32. Kf1 Rc1+ 33. Ke2 Nf4+ 34. exf4 Re8+ 35. Kf2 Rc2+ 36. Kg3 Rxg2+ 37. Kxg2 d4+ 38. Kf2) ({RR} 25... Bc6 26. R1xc6 Nxc6 27. Bd7 Qe5 28. Bxc6 Qxf4 29. Nxf4 Rc8 30. Bxa8 Rxc7 31. b4) ({RR} 25... Ng6 26. Bxg6 hxg6 27. Rf1 f6 28. Nd4) 26. Bd7 Qf8 ({RR} 26... Qxe3+ 27. Qxe3 Nxe3 28. Nd4 h5 ({RR} 28... a5 29. b3 h5 30. h3 f5 31. Be6+ Kh7 32. Kf2 f4 33. g3) 29. b3 g6 30. Re1 Ng4 31. Bxg4 hxg4 32. Ree7 Bc8 33. Rxf7) 27. b3 Nb6 ({RR} 27... Nd6 28. Nd4) 28. Bf5 d4 ({RR} 28... Bc8 29. Rxf7 ({RR} 29. a5 Bxf5 30. axb6 Bd3 31. Nc3 Rxb6 32. Qd4 Rxb3 33. Qxd3) 29... Kxf7 30. Bxh7+ Ke7 31. Qb4+ Ke8 32. Bg6+) 29. Rxf7 Kxf7 ({RR} 29... Qxf7 30. Bxh7+ Kxh7 ({RR} 30... Kf8 31. Qd6+ Ke8 32. Bg6) 31. Qxf7 Bd5 32. Qf5+ Kg8 33. a5 Rf8 34. Qe5) 30. Bxh7+ {1-0 (30) Kasimdzhanov,R (2700)-Kramnik,V (2760) Tromsoe 2014 CBM 162 [Ftacnik,Lubomir]} {RR} Ke8 ({RR} 30... Ke6 31. Nxd4+ Kd5 32. Be4#) ({RR} 30... Ke7 31. Qe5+ Kd7 32. Bf5+ Kd8 ({RR} 32... Qxf5 33. Rc7+ Kd8 34. Qe7#) 33. Qc7+ Ke8 34. Bg6+) 31. Bg6+ Kd7 32. Qc7+ Ke6 33. Qxb6+ Qd6 34. Nf4+ Ke7 35. Rc7+ Qxc7 36. Qxc7+) 16... Rxc2 17. Rxc2 Rc8 18. Rxc8+ Bxc8 19. Qc3 Bb7 20. b4 Ne4 21. Qc1 h6 22. h3 Kf8 23. b5 a5 24. Nc3 Qc7 25. Qa3+ Qd6 26. Qc1 Qc7 27. Qa3+ Ke8 28. Ne2 g5 29. Qb2 Ke7 30. Nd2 Ndf6 31. Nf1 Nd6 32. f3 Nd7 33. g4 f6 34. Nfg3 Nf8 35. Kf2 Bc8 36. Qc2 Qxc2 37. Bxc2 Bd7 38. Nc3 Be8 39. f4 Bf7 40. Bb3 gxf4 41. exf4 Ng6 42. f5 Nf4 43. fxe6 Nxh3+ 44. Ke3 Bxe6 45. Nxd5+ Kd8 46. Nh5 f5 47. gxf5 Nxf5+ 48. Ke4 Ng5+ 49. Ke5 Ne7 50. Nhf4 Bg8 51. Bd1 Bxd5 52. Nxd5 Nf7+ 53. Ke6 Ng5+ 54. Ke5 Nf7+ 55. Ke6 Ng5+ 1/2-1/2